| 000 | 00688nam a2200205 4500 | ||
|---|---|---|---|
| 001 | 66204 | ||
| 003 | ES-MaACL | ||
| 005 | 20250730063110.0 | ||
| 007 | t| | ||
| 008 | 040129s1978 sp f |||| | spa d | ||
| 080 | _a791.44 Garcia Berlanga, Luis. 072.3 | ||
| 100 | 1 |
_aGalán, Diego, _d1946- _953284 |
|
| 245 | 1 | 0 |
_aCarta abierta a Berlanga / _cDiego Galán. |
| 260 |
_aHuelva : _bIV Semana de Cine Iberoamericano, _c[1978] |
||
| 300 |
_a54 p., [8] h. de lám. ; _c21 cm. |
||
| 600 | 1 | 7 |
_aGarcía Berlanga, Luis, _d1921-2010 _2embne _9171047 |
| 711 | 2 |
_aFestival de Cine Iberoamericano de Huelva ( _n4º. _d1978) _9144029 |
|
| 852 |
_aES-MaACL _jA-9555 |
||
| 999 |
_c66204 _d66204 |
||